000 00302nam a2200121Ia 4500
008 240731s9999 xx 000 0 und d
022 _a1753-2167
245 4 _aThe Language Learning Journal
260 _bRoutledge
856 _uhttps://www.tandfonline.com/loi/rllj20
942 _2ddc
942 _cTFEJ
999 _c80026
_d80026
945 _a1
_bMadushi Gamage
_c1
_dMadushi Gamage